|
|
|
|
| LEADER |
00879nam a2200289Ia 4500 |
| 003 |
OSt |
| 005 |
20190730172841.0 |
| 008 |
141004s9999 xx 000 0 und d |
| 020 |
|
|
|a 817 8080 389
|
| 040 |
|
|
|c a
|
| 041 |
|
|
|a English
|
| 082 |
|
|
|a 6.6
|
| 082 |
|
|
|b FOL/CO
|
| 100 |
|
|
|a Foley James D, Dam Andries Van, Feiner Steven K, John F Hughes
|
| 245 |
|
|
|a Computer graphics: Principles & Practice
|
| 245 |
|
|
|c John F Hughes
|
| 250 |
|
|
|a 2nd
|
| 260 |
|
|
|a New York
|
| 260 |
|
|
|b Addison Wesley
|
| 260 |
|
|
|c 1996
|
| 300 |
|
|
|a xxiii + 1174 p.
|
| 300 |
|
|
|b 24 cm
|
| 365 |
|
|
|a Rs.450.00
|
| 501 |
|
|
|a 1A4
|
| 942 |
|
|
|c BK
|2 ddc
|
| 999 |
|
|
|c 172868
|d 172868
|
| 952 |
|
|
|0 0
|1 0
|4 0
|6 6_600000000000000_FOL_CO
|7 0
|9 178010
|a KAUCOF
|b KAUCOF
|g 450.00
|o 6.6 FOL/CO
|p KAU_COF-3223
|r 2014-10-04
|w 2014-10-04
|y BK
|